Pésame por la muerte de doña Eva Duarte de Perón
Colección:
San Jorge,
; núm. 8 (octubre 1952), pàg 58
Idioma:
Español
MARC
| LEADER | 00000naa a2200000 a 4500 | ||
|---|---|---|---|
| 003 | Arxiu | ||
| 005 | 20260324181025.0 | ||
| 008 | 160829s1952 spc xx s spa c | ||
| 040 | |a agdb | ||
| 245 | 0 | 0 | |a Pésame por la muerte de doña Eva Duarte de Perón |
| 490 | |a San Jorge, |v núm. 8 (octubre 1952), pàg 58 | ||
| 600 | 1 | 0 | |9 54717 |a Perón, Eva, |d 1919-1952 |
| 650 | 0 | |a Polítics |9 54718 |z Argentina |x Mort | |
| 773 | |g Núm. 8 (octubre 1952), pàg 58 |t San Jorge. | ||
| 901 | |a Arxiu | ||
| 942 | |n 1 |2 udc |c ART | ||
| 952 | |0 0 |1 0 |4 0 |7 1 |9 64297 |a Arxiu |b Arxiu |d 2022-11-22 |o Rev-508 |r 2022-11-22 00:00:00 |w 2022-11-22 |y ARXIU |z També disponible a Rev-521 | ||
| 999 | |c 43995 |d 43995 | ||